000 00428nam a2200133Ia 4500
008 151001s9999||||xx |||||||||||||| ||und||
100 _aवसंत सावंत
245 _aमाझ्या दारातले सोन चाफ्याचं झाडं
250 _a1
260 _bपॉप्युलर प्रकाशन मुंबई
260 _c1993
300 _a76
365 _b21
999 _c970889
_d970886